[Event "Giugliano op 5th"]
[Site "Giugliano"]
[Date "2010.09.25"]
[Round "3"]
[White "Caiazza, Antonio A"]
[Black "Fusco, Ferdinando"]
[Result "0-1"]
[WhiteElo "1518"]
[BlackElo "1693"]
[PlyCount "80"]
[EventDate "2010.09.24"]
[EventType "swiss"]
[EventRounds "5"]
[EventCountry "ITA"]
[SourceTitle "EXT 2024"]
[Source "ChessBase"]
[SourceDate "2023.10.10"]
[SourceVersion "1"]
[SourceVersionDate "2023.10.10"]
[SourceQuality "1"]

1. e4 c5 2. Nf3 d6 3. d3 Nc6 4. g3 g6 5. Bg2 Bg7 6. 0-0 Nf6 7. c3 0-0 8. Nbd2 Bg4 9. h3 Be6 10. d4 cxd4 11. cxd4 Bd7 12. Re1 Rc8 13. a3 Ne8 14. Nf1 Qb6 15. e5 dxe5 16. dxe5 Be6 17. Rb1 Bf5 18. Ra1 Nc7 19. Qc2 Rfd8 20. Qc4 Qa6 21. N1d2 Nd5 22. Qb3 Na5 23. Qa2 Rc2 24. Ne4 Bxe4 25. Rxe4 Nc3 26. bxc3 Rxa2 27. Rxa2 Rd1+ 28. Re1 Rxe1+ 29. Nxe1 Bxe5 30. Bf1 Qf6 31. c4 Nb3 32. Bh6 g5 33. Nd3 Bd4 34. Re2 e6 35. Bxg5 Qxg5 36. Re4 Qd2 37. Rf4 Bg7 38. h4 Qd1 39. Nb2 Bxb2 40. Kg2 e5 0-1

[Event "Giugliano op 5th"]
[Site "Giugliano"]
[Date "2010.09.24"]
[Round "1"]
[White "Caiazza, Antonio A"]
[Black "Basso, Lorenzo"]
[Result "1/2-1/2"]
[WhiteElo "1518"]
[BlackElo "1898"]
[PlyCount "41"]
[EventDate "2010.09.24"]
[EventType "swiss"]
[EventRounds "5"]
[EventCountry "ITA"]
[SourceTitle "EXT 2024"]
[Source "ChessBase"]
[SourceDate "2023.10.10"]
[SourceVersion "1"]
[SourceVersionDate "2023.10.10"]
[SourceQuality "1"]

1. e4 g6 2. Nf3 Bg7 3. Bc4 c6 4. Nc3 d5 5. exd5 b5 6. Bb3 b4 7. Ne2 cxd5 8. 0-0 Nf6 9. d4 0-0 10. Re1 a5 11. a4 Nbd7 12. Nf4 e6 13. Nd3 Ne4 14. Nfe5 Nxe5 15. Nxe5 Ba6 16. f3 Nd6 17. Be3 Rc8 18. Rb1 Nc4 19. Bf2 Bh6 20. Ng4 Bg7 21. Ne5 1/2-1/2

[Event "ITA-ch U16"]
[Site "San Nicola Arcella"]
[Date "2004.07.08"]
[Round "7"]
[White "Cantu, Guido"]
[Black "Caiazza, Antonio A"]
[Result "1/2-1/2"]
[WhiteElo "1700"]
[BlackElo "1751"]
[PlyCount "45"]
[EventDate "2004.07.04"]
[EventType "swiss"]
[EventRounds "7"]
[EventCountry "ITA"]
[SourceTitle "EXT 2024"]
[Source "ChessBase"]
[SourceDate "2023.10.10"]
[SourceVersion "1"]
[SourceVersionDate "2023.10.10"]
[SourceQuality "1"]

1. e4 e5 2. f4 Nc6 3. Nf3 d6 4. Nc3 Nf6 5. Bb5 exf4 6. d3 Bd7 7. Bxf4 Be7 8. 0-0 Nb8 9. Bxd7+ Nbxd7 10. Ne2 c6 11. Ng3 Nc5 12. Kh1 Ne6 13. Bd2 Qb6 14. Bc3 Ng4 15. Qd2 Ne3 16. Rfe1 Ng4 17. Rf1 Qe3 18. Rad1 Qxd2 19. Bxd2 Bf6 20. c3 Nc5 21. h3 Ne5 22. d4 Nxf3 23. Rxf3 1/2-1/2